[Event "XIII Festival Marco Gerolamo Vida A"]
[Site "Vescovato ITA"]
[Date "2014.04.26"]
[Round "3"]
[White "Tagliaferri, Valerio"]
[Black "Bini, Massimo"]
[WhiteElo "1919"]
[BlackElo "2012"]
[Result "1/2-1/2"]
[PlyCount "51"]
[EventDate "2014.04.25"]

1. d4 d5 2. c4 Bf5 3. Nc3 e6 4. cxd5 exd5 5. Qb3 Nc6 6. Be3 Nf6 7. g3 Na5 8.
Qd1 Nc4 9. Bc1 c6 10. Nf3 Bb4 11. Qa4 Qe7 12. a3 Bxc3+ 13. bxc3 O-O 14. Bg5 Nb2
15. Bxf6 gxf6 16. Qb3 Nd3+ 17. Kd2 Nxf2 18. Rg1 Ng4 19. Bg2 Qe3+ 20. Kd1 Nf2+
21. Ke1 Rfe8 22. Qb2 Ne4 23. Qxb7 Ng5 24. Rf1 Bd3 25. Ng1 Be4 26. Bxe4 1/2-1/2

[Event "XIII Festival Marco Gerolamo Vida A"]
[Site "Vescovato ITA"]
[Date "2014.04.26"]
[Round "3"]
[White "Volpati, Antonio"]
[Black "Righini, Giovanni"]
[WhiteElo "1630"]
[BlackElo "1895"]
[Result "1/2-1/2"]
[PlyCount "102"]
[EventDate "2014.04.25"]

1. e4 e6 2. d4 d5 3. e5 b6 4. Nf3 Ne7 5. Bg5 Qd7 6. Nbd2 Ba6 7. Bxa6 Nxa6 8.
O-O c5 9. c3 Nb8 10. Nb3 c4 11. Nbd2 Nbc6 12. Ne1 h5 13. Nef3 Nf5 14. Nh4 Nxh4
15. Bxh4 b5 16. f4 Be7 17. Bxe7 Nxe7 18. Rf3 O-O-O 19. b4 cxb3 20. Nxb3 b4 21.
cxb4 Qb5 22. a3 g6 23. Rc3+ Kb8 24. Rc5 Qd7 25. b5 Rc8 26. a4 Nf5 27. Rxc8+
Rxc8 28. Nc5 Qe7 29. Rc1 Ne3 30. Qd2 Nc4 31. Qb4 Ka8 32. a5 Qd8 33. b6 Rxc5 34.
dxc5 g5 35. g3 gxf4 36. gxf4 Qh4 37. c6 Qg4+ 38. Kh1 Qf3+ 39. Kg1 Qe3+ 40. Kg2
Qe2+ 41. Kg3 Qg4+ 42. Kf2 Qxf4+ 43. Ke2 Qe3+ 44. Kf1 Qxc1+ 45. Kf2 Qf4+ 46. Kg1
Qe3+ 47. Kg2 Qe2+ 48. Kg3 Qxe5+ 49. Kg2 Qe2+ 50. Kg3 Qe5+ 51. Kg2 Qe2+ 1/2-1/2

[Event "XIII Festival Marco Gerolamo Vida A"]
[Site "Vescovato ITA"]
[Date "2014.04.26"]
[Round "4"]
[White "Bini, Massimo"]
[Black "Swannie, Bryan"]
[WhiteElo "2012"]
[BlackElo "1681"]
[Result "1/2-1/2"]
[PlyCount "36"]
[EventDate "2014.04.25"]

1. d4 Nf6 2. Bf4 e6 3. e3 c5 4. c3 Nc6 5. Nd2 Be7 6. Ngf3 O-O 7. h3 d5 8. Bd3
b6 9. Ne5 Bb7 10. Qf3 Rc8 11. h4 cxd4 12. exd4 h6 13. g4 Nxe5 14. dxe5 Ne4 15.
g5 Nc5 16. gxh6 d4 17. Rg1 Bxf3 18. Rxg7+ Kh8 1/2-1/2

[Event "XIII Festival Marco Gerolamo Vida A"]
[Site "Vescovato ITA"]
[Date "2014.04.26"]
[Round "4"]
[White "Borboni, Paolo"]
[Black "Minerva, Enzo"]
[WhiteElo "1724"]
[BlackElo "2022"]
[Result "0-1"]
[PlyCount "100"]
[EventDate "2014.04.25"]

1. d4 Nf6 2. c4 e6 3. Nc3 c5 4. d5 exd5 5. cxd5 d6 6. e4 g6 7. Nf3 Bg7 8. Bd3
Bg4 9. Bg5 O-O 10. h3 Bxf3 11. Qxf3 Nbd7 12. O-O Ne5 13. Qe2 h6 14. Bh4 Qb6 15.
Rad1 Rac8 16. Bb1 Qb4 17. Qb5 a6 18. Qxb4 cxb4 19. Ne2 Nc4 20. b3 Na3 21. f3
Nxb1 22. Rxb1 Rc2 23. Nc1 Rfc8 24. Bg3 Ne8 25. Bf4 Bd4+ 26. Kh1 g5 27. Bg3 Kg7
28. Nd3 Rd2 29. Rbd1 Bc3 30. Rxd2 Bxd2 31. Be1 Bxe1 32. Rxe1 a5 33. Rc1 Rc3 34.
Rxc3 bxc3 35. a4 Nc7 36. Kg1 Na6 37. Kf2 c2 38. Ke2 Nb4 39. Nc1 Kf6 40. Kd2 Ke5
41. Ne2 f5 42. exf5 Kxf5 43. Nc3 Ke5 44. Kc1 Kd4 45. Nb5+ Kxd5 46. Na3 Kd4 47.
Nxc2+ Nxc2 48. Kxc2 Ke3 49. h4 gxh4 50. Kd1 h3 0-1

[Event "XIII Festival Marco Gerolamo Vida A"]
[Site "Vescovato ITA"]
[Date "2014.04.26"]
[Round "4"]
[White "Coppola, Federico"]
[Black "Molina, Fabrizio"]
[WhiteElo "1976"]
[BlackElo "2218"]
[Result "0-1"]
[PlyCount "72"]
[EventDate "2014.04.25"]

1. Nf3 d6 2. d4 Bg4 3. Nbd2 e6 4. h3 Bh5 5. g3 Nf6 6. Bg2 d5 7. c4 c6 8. Qb3
Qc8 9. O-O Nbd7 10. Re1 Bd6 11. e4 dxe4 12. Ng5 O-O 13. Ngxe4 Bc7 14. Qc3 Bg6
15. b3 Rd8 16. Ba3 Qb8 17. Be7 Nxe4 18. Nxe4 Re8 19. Ba3 e5 20. d5 cxd5 21.
cxd5 Bxe4 22. Rxe4 Bd6 23. Bxd6 Qxd6 24. Rc4 Nb6 25. Rc7 Nxd5 26. Bxd5 Qxd5 27.
Rc1 Rad8 28. Qc4 Qf3 29. Qg4 Qf6 30. Qb4 e4 31. Qc3 Qf5 32. g4 Qf4 33. Qe3 Qf6
34. Qxa7 e3 35. fxe3 Rd2 36. Rf1 Qd6 0-1

[Event "XIII Festival Marco Gerolamo Vida A"]
[Site "Vescovato ITA"]
[Date "2014.04.26"]
[Round "4"]
[White "De Santis, Alessio"]
[Black "Bonade', Massimo"]
[WhiteElo "2285"]
[BlackElo "2089"]
[Result "1/2-1/2"]
[PlyCount "28"]
[EventDate "2014.04.25"]

1. c4 c5 2. b3 b6 3. Bb2 Bb7 4. d3 d6 5. Nd2 Nd7 6. e4 e5 7. Ne2 Ne7 8. Ng3 g6
9. h4 h5 10. Be2 Bh6 11. Nf3 Nf8 12. Bc1 Bxc1 13. Qxc1 Ne6 14. Nf1 f5 1/2-1/2

[Event "XIII Festival Marco Gerolamo Vida A"]
[Site "Vescovato ITA"]
[Date "2014.04.26"]
[Round "4"]
[White "Ficco, Corrado"]
[Black "Tagliaferri, Valerio"]
[WhiteElo "2054"]
[BlackElo "1919"]
[Result "1-0"]
[PlyCount "82"]
[EventDate "2014.04.25"]

1. e4 c6 2. d4 d5 3. exd5 cxd5 4. c4 Nf6 5. Nc3 Nc6 6. Nf3 Bg4 7. cxd5 Nxd5 8.
Qb3 Bxf3 9. gxf3 Nb6 10. Be3 e6 11. O-O-O Be7 12. d5 exd5 13. Bxb6 Qxb6 14.
Qxb6 axb6 15. Nxd5 Bd8 16. Bb5 O-O 17. a4 Re8 18. Rhe1 Rxe1 19. Rxe1 Kf8 20.
Re4 f5 21. Re1 Ne7 22. Nf4 Nc6 23. Ne6+ Kf7 24. Kb1 Bh4 25. Nc7 Rf8 26. Bc4+
Kg6 27. Ne6 Rf6 28. Re2 Kh6 29. Kc2 g6 30. Kc3 Rf7 31. b4 Re7 32. Bd5 Bf6+ 33.
Kc4 Kh5 34. f4 Kg4 35. Kb5 Bd4 36. Bxc6 bxc6+ 37. Kxc6 Bc3 38. b5 Ba5 39. Re3
Kh5 40. Kd6 Rf7 41. Ng5 Rg7 1-0

[Event "XIII Festival Marco Gerolamo Vida A"]
[Site "Vescovato ITA"]
[Date "2014.04.26"]
[Round "4"]
[White "Pinna, Ferdinando"]
[Black "Panizzi, Giuseppe"]
[WhiteElo "1938"]
[BlackElo "2071"]
[Result "1/2-1/2"]
[PlyCount "68"]
[EventDate "2014.04.25"]

1. e4 e5 2. Nf3 Nc6 3. Bb5 a6 4. Ba4 Nf6 5. O-O Be7 6. Re1 b5 7. Bb3 d6 8. h3
O-O 9. c3 Na5 10. Bc2 c5 11. d4 cxd4 12. cxd4 Qc7 13. Nbd2 Nc6 14. d5 Nb4 15.
Bb1 a5 16. a3 Na6 17. b4 Bd7 18. Qb3 Rfc8 19. Bd3 a4 20. Qd1 Nh5 21. Nf1 Qb7
22. Bd2 Nc7 23. Rc1 Ne8 24. Rc2 Rxc2 25. Qxc2 Bd8 26. Rc1 g6 27. Ng3 Neg7 28.
Kh2 Nxg3 29. fxg3 f5 30. Bg5 fxe4 31. Bxe4 Bb6 32. Be7 Bf5 33. Bxf5 Nxf5 34.
Bg5 Kg7 1/2-1/2

[Event "XIII Festival Marco Gerolamo Vida A"]
[Site "Vescovato ITA"]
[Date "2014.04.26"]
[Round "4"]
[White "Righini, Giovanni"]
[Black "Masotti, Roberto"]
[WhiteElo "1895"]
[BlackElo "1893"]
[Result "1-0"]
[PlyCount "65"]
[EventDate "2014.04.25"]

1. e4 Nf6 2. Nc3 e5 3. Nf3 Bb4 4. Bc4 O-O 5. d3 d5 6. exd5 Nxd5 7. Bxd5 Bxc3+
8. bxc3 Qxd5 9. O-O Bg4 10. c4 Bxf3 11. cxd5 Bxd1 12. Rxd1 Rd8 13. Rb1 b6 14.
f4 Rxd5 15. Re1 Nc6 16. fxe5 Rxe5 17. Bf4 Re7 18. Rxe7 Nxe7 19. Re1 Ng6 20.
Bxc7 Rc8 21. Bd6 f6 22. Re2 Rd8 23. Bg3 Kf7 24. a4 Rd5 25. Bb8 Ra5 26. Re4 Ne5
27. Bxe5 fxe5 28. Rc4 Ke6 29. Kf2 Kd5 30. Ke3 a6 31. Rb4 b5 32. axb5 axb5 33.
Rxb5+ 1-0

[Event "XIII Festival Marco Gerolamo Vida A"]
[Site "Vescovato ITA"]
[Date "2014.04.26"]
[Round "4"]
[White "Swannie, Douglas"]
[Black "Popovich, Fabio"]
[WhiteElo "1880"]
[BlackElo "1945"]
[Result "0-1"]
[PlyCount "76"]
[EventDate "2014.04.25"]

1. d4 Nf6 2. c4 g6 3. Nc3 d5 4. cxd5 Nxd5 5. e4 Nxc3 6. bxc3 Bg7 7. Nf3 c5 8.
Rb1 O-O 9. Be2 b6 10. O-O Bb7 11. e5 Qc7 12. Qb3 Be4 13. Rb2 Nc6 14. Be3 Rac8
15. Rc1 Na5 16. Qa4 cxd4 17. cxd4 Qxc1+ 18. Bxc1 Rxc1+ 19. Bf1 Bd3 20. Nd2 Nc4
21. Rc2 Rxc2 22. Bxd3 Rxd2 23. Qxc4 Rd1+ 24. Bf1 Rd8 25. g3 R1xd4 26. Qc7 R4d7
27. Qc3 e6 28. Bc4 Rc7 29. Qb3 Bxe5 30. Bxe6 Bd4 31. Bd5 Kg7 32. Qf3 Rd6 33.
Qf4 Bxf2+ 34. Kg2 Bc5 35. Bb3 Re7 36. Kh3 Rf6 37. Qc4 a5 38. Qc3 Re2 0-1

[Event "XIII Festival Marco Gerolamo Vida A"]
[Site "Vescovato ITA"]
[Date "2014.04.27"]
[Round "5"]
[White "Bini, Massimo"]
[Black "Swannie, Douglas"]
[WhiteElo "2012"]
[BlackElo "1880"]
[Result "1-0"]
[PlyCount "51"]
[EventDate "2014.04.25"]

1. d4 Nf6 2. Bf4 d5 3. e3 c5 4. c3 Nc6 5. Nd2 e6 6. Bd3 Bd6 7. Bxd6 Qxd6 8. f4
b6 9. Qf3 Bb7 10. Ne2 O-O-O 11. O-O h5 12. a4 c4 13. Bc2 Na5 14. Nc1 Kb8 15.
Qe2 Rc8 16. Na2 h4 17. Nb4 Rh6 18. Rae1 Qd8 19. e4 Nh5 20. exd5 Ng3 21. hxg3
hxg3 22. Qg4 Qh8 23. Qxg3 f5 24. Rxe6 Rxe6 25. dxe6 g6 26. d5 1-0

[Event "XIII Festival Marco Gerolamo Vida A"]
[Site "Vescovato ITA"]
[Date "2014.04.27"]
[Round "5"]
[White "Bonade', Massimo"]
[Black "Pinna, Ferdinando"]
[WhiteElo "2089"]
[BlackElo "1938"]
[Result "1-0"]
[PlyCount "57"]
[EventDate "2014.04.25"]

1. d4 Nf6 2. c4 g6 3. Nc3 d5 4. Bf4 Bg7 5. e3 c5 6. dxc5 Qa5 7. Rc1 dxc4 8.
Bxc4 O-O 9. Nf3 Qxc5 10. Bb3 Nc6 11. O-O Qa5 12. h3 Bf5 13. Qe2 Rad8 14. e4 e5
15. Bh2 Bc8 16. Nd5 Rfe8 17. Rfd1 Be6 18. Nxf6+ Bxf6 19. Bxe6 Rxe6 20. Rxd8+
Qxd8 21. Qb5 Rd6 22. Bg3 Rd1+ 23. Rxd1 Qxd1+ 24. Kh2 Qc2 25. Qxb7 Qxe4 26. b4
Qc4 27. b5 Nd4 28. Nxe5 Qxb5 29. Qxf7+ 1-0

[Event "XIII Festival Marco Gerolamo Vida A"]
[Site "Vescovato ITA"]
[Date "2014.04.27"]
[Round "5"]
[White "De Santis, Alessio"]
[Black "Coppola, Federico"]
[WhiteElo "2285"]
[BlackElo "1976"]
[Result "1-0"]
[PlyCount "52"]
[EventDate "2014.04.25"]

1. Nf3 c5 2. b3 Nc6 3. Bb2 d6 4. g3 e5 5. d3 g6 6. Bg2 Bg7 7. c4 Nge7 8. Nc3
O-O 9. O-O Rb8 10. Nd2 Be6 11. a3 d5 12. e4 dxe4 13. dxe4 Bh6 14. Nd5 Nd4 15.
f4 Bxd5 16. cxd5 exf4 17. gxf4 f5 18. b4 fxe4 19. bxc5 Ndf5 20. Nxe4 Nxd5 21.
Qxd5+ Qxd5 22. Nf6+ Rxf6 23. Bxd5+ Rf7 24. Be5 Re8 25. Rab1 Rxe5 26. Bxf7+ Kxf7
1-0

[Event "XIII Festival Marco Gerolamo Vida A"]
[Site "Vescovato ITA"]
[Date "2014.04.27"]
[Round "5"]
[White "Minerva, Enzo"]
[Black "Volpati, Antonio"]
[WhiteElo "2022"]
[BlackElo "1630"]
[Result "1-0"]
[PlyCount "63"]
[EventDate "2014.04.25"]

1. e4 e6 2. d3 d5 3. Nd2 b6 4. Ngf3 Be7 5. g3 Bb7 6. Bg2 Nf6 7. e5 Nfd7 8. O-O
O-O 9. Re1 c5 10. Nf1 Nc6 11. h4 Qc7 12. Bf4 Rae8 13. N1h2 Qc8 14. a3 f6 15.
Bh3 Ndxe5 16. d4 Nxf3+ 17. Nxf3 Nd8 18. Qe2 Kf7 19. Bc7 Bc6 20. c4 Bd7 21. Bxd8
Bxd8 22. Qd3 Kg8 23. dxc5 Re7 24. cxd5 bxc5 25. dxe6 Bxe6 26. Bxe6+ Rxe6 27.
Qc4 Rfe8 28. Nd4 Kf7 29. Nxe6 Rxe6 30. Rad1 Bb6 31. Rxe6 Qxe6 32. Rd7+ 1-0

[Event "XIII Festival Marco Gerolamo Vida A"]
[Site "Vescovato ITA"]
[Date "2014.04.27"]
[Round "5"]
[White "Molina, Fabrizio"]
[Black "Ficco, Corrado"]
[WhiteElo "2218"]
[BlackElo "2054"]
[Result "1-0"]
[PlyCount "93"]
[EventDate "2014.04.25"]

1. Nf3 g6 2. g3 b6 3. Bg2 Bb7 4. c4 Bg7 5. O-O e6 6. Nc3 d6 7. Re1 Ne7 8. e4
Nd7 9. d4 h6 10. b3 O-O 11. Bb2 a6 12. Qe2 c5 13. Rad1 Qc7 14. Rd2 Rad8 15. Qd1
Nb8 16. Qa1 Nbc6 17. d5 Nd4 18. Nxd4 cxd4 19. Ne2 e5 20. Nc1 Bc8 21. Nd3 f5 22.
f3 g5 23. Rc2 g4 24. Qd1 gxf3 25. Bxf3 fxe4 26. Bxe4 Rf6 27. Qh5 Rdf8 28. Bc1
Bf5 29. Rf2 Qd7 30. Bxf5 Nxf5 31. g4 Ne7 32. Rxf6 Rxf6 33. Nf2 Rg6 34. Kh1 Qe8
35. Ne4 Qf7 36. Qh3 Bf8 37. Rf1 Qg7 38. g5 hxg5 39. Bxg5 Rxg5 40. Nxg5 Qg6 41.
Rg1 Bg7 42. Qe6+ Qxe6 43. Nxe6 Nf5 44. Rg5 d3 45. Rxf5 d2 46. Rf1 e4 47. Kg2
1-0

[Event "XIII Festival Marco Gerolamo Vida A"]
[Site "Vescovato ITA"]
[Date "2014.04.27"]
[Round "5"]
[White "Popovich, Fabio"]
[Black "Panizzi, Giuseppe"]
[WhiteElo "1945"]
[BlackElo "2071"]
[Result "0-1"]
[PlyCount "88"]
[EventDate "2014.04.25"]

1. c4 e5 2. g3 Nf6 3. Bg2 d5 4. cxd5 Nxd5 5. Nc3 Nb6 6. Nf3 Nc6 7. O-O Be6 8.
d3 Be7 9. a3 a5 10. Be3 O-O 11. Na4 Nxa4 12. Qxa4 f6 13. Rac1 Qd7 14. Rfe1 Rab8
15. Bc5 Bd6 16. Nd2 b5 17. Qc2 Ne7 18. Bxd6 cxd6 19. Qc7 a4 20. Qxd7 Bxd7 21.
Rc7 Rfd8 22. Bb7 Kf8 23. Ne4 Be6 24. Rec1 h6 25. Kf1 f5 26. Nd2 Rd7 27. Rxd7
Bxd7 28. Bf3 Ke8 29. Ke1 Kd8 30. Kd1 Be6 31. Rc3 Kd7 32. e3 d5 33. Bg2 Kd6 34.
Nf3 b4 35. axb4 Rxb4 36. Kc2 d4 37. Ra3 Bb3+ 38. Kc1 dxe3 39. fxe3 Nd5 40. Kd2
Nc7 41. d4 e4 42. Ne5 Nb5 43. Ra1 Nxd4 44. Kc3 Kxe5 0-1

[Event "XIII Festival Marco Gerolamo Vida A"]
[Site "Vescovato ITA"]
[Date "2014.04.27"]
[Round "5"]
[White "Swannie, Bryan"]
[Black "Righini, Giovanni"]
[WhiteElo "1681"]
[BlackElo "1895"]
[Result "1/2-1/2"]
[PlyCount "96"]
[EventDate "2014.04.25"]

1. d4 Nf6 2. c4 e6 3. g3 d5 4. Nf3 b6 5. Bg2 Bb7 6. O-O Be7 7. Nbd2 O-O 8. Qc2
Na6 9. e3 c5 10. b3 Rc8 11. dxc5 Nxc5 12. Bb2 dxc4 13. Nxc4 Qd3 14. Ne1 Qxc2
15. Nxc2 Bxg2 16. Kxg2 Rfd8 17. Rad1 Nd3 18. Bxf6 Bxf6 19. Nd4 Bxd4 20. Rxd3
Bf6 21. Rfd1 Rxd3 22. Rxd3 Rd8 23. Rxd8+ Bxd8 24. Ne5 Bc7 25. Nc6 a5 26. Kf3
Kf8 27. Ke4 Ke8 28. f4 h5 29. h3 f5+ 30. Kd4 Bd6 31. Kc4 Bc5 32. Nxa5 Bxe3 33.
Kd3 Bc5 34. Kc4 Bf2 35. Nc6 Bxg3 36. Nd4 Kd7 37. Ne2 Bf2 38. a4 Kd6 39. b4 e5
40. a5 bxa5 41. bxa5 exf4 42. Nxf4 h4 43. Ng6 Ke6 44. a6 Kf6 45. Nxh4 g5 46.
Nf3 Ba7 47. Kd3 g4 48. hxg4 fxg4 1/2-1/2

[Event "XIII Festival Marco Gerolamo Vida A"]
[Site "Vescovato ITA"]
[Date "2014.04.27"]
[Round "5"]
[White "Tagliaferri, Valerio"]
[Black "Borboni, Paolo"]
[WhiteElo "1919"]
[BlackElo "1724"]
[Result "1-0"]
[PlyCount "67"]
[EventDate "2014.04.25"]

1. d4 d5 2. c4 e6 3. Nc3 Nf6 4. Bg5 Be7 5. e3 O-O 6. Nf3 Nbd7 7. Rc1 c6 8. Qc2
Qa5 9. Ne5 dxc4 10. Bxf6 Bxf6 11. Nxc4 Qg5 12. Ne4 Qh6 13. Bd3 g6 14. Nxf6+
Nxf6 15. O-O Rd8 16. Rfd1 b6 17. Ne5 Bb7 18. Nxc6 Bxc6 19. Qxc6 Ng4 20. h3 Nxe3
21. fxe3 Qxe3+ 22. Kh1 Qxd4 23. Qc3 Qa4 24. Qc4 Qe8 25. Qb5 Qe7 26. Bc4 Rdc8
27. Rd7 Qh4 28. a4 Rc5 29. Qb4 Rac8 30. b3 a6 31. Qxb6 Qf4 32. Rf1 Qg3 33.
Rdxf7 Rh5 34. Qxe6 1-0

[Event "XIII Festival Marco Gerolamo Vida A"]
[Site "Vescovato ITA"]
[Date "2014.04.27"]
[Round "6"]
[White "Bini, Massimo"]
[Black "De Santis, Alessio"]
[WhiteElo "2012"]
[BlackElo "2285"]
[Result "1/2-1/2"]
[PlyCount "20"]
[EventDate "2014.04.25"]

1. d4 b6 2. Nf3 Bb7 3. Bf4 Nf6 4. e3 g6 5. Be2 Bg7 6. h3 d6 7. O-O c5 8. c3
Nbd7 9. Bh2 O-O 10. a4 a6 1/2-1/2

[Event "XIII Festival Marco Gerolamo Vida A"]
[Site "Vescovato ITA"]
[Date "2014.04.27"]
[Round "6"]
[White "Coppola, Federico"]
[Black "Tagliaferri, Valerio"]
[WhiteElo "1976"]
[BlackElo "1919"]
[Result "1-0"]
[PlyCount "70"]
[EventDate "2014.04.25"]

1. Nf3 Nf6 2. c4 e6 3. g3 b6 4. Bg2 Bb7 5. O-O Ne4 6. d3 Nd6 7. b3 Be7 8. Bb2
Bf6 9. d4 O-O 10. Re1 c5 11. e3 Qc7 12. Nc3 Ne4 13. Rc1 Nxc3 14. Bxc3 d6 15. e4
Rd8 16. d5 Bxc3 17. Rxc3 e5 18. Nh4 Bc8 19. f4 Qe7 20. fxe5 Qxe5 21. Rce3 Re8
22. Nf3 Qe7 23. e5 Bd7 24. Qd2 Na6 25. exd6 Qxd6 26. Ne5 Rad8 27. Qf2 f6 28.
Nxd7 Qxd7 29. Bh3 Qf7 30. Be6 Rxe6 31. Rxe6 Qb7 32. Re7 Rd7 33. Re8+ Kf7 34.
Qf5 g6 35. Qe6+ Kg7 1-0

[Event "XIII Festival Marco Gerolamo Vida A"]
[Site "Vescovato ITA"]
[Date "2014.04.27"]
[Round "6"]
[White "Ficco, Corrado"]
[Black "Popovich, Fabio"]
[WhiteElo "2054"]
[BlackElo "1945"]
[Result "1/2-1/2"]
[PlyCount "56"]
[EventDate "2014.04.25"]

1. e4 g6 2. d4 Bg7 3. f4 c5 4. c3 cxd4 5. cxd4 Nf6 6. Nc3 O-O 7. e5 Ne8 8. Nf3
d6 9. Be3 dxe5 10. dxe5 Nc7 11. Bc4 Nc6 12. O-O Be6 13. Qe2 Qc8 14. Rac1 Bxc4
15. Qxc4 Qe6 16. Qe4 f6 17. Nd4 Nxd4 18. Bxd4 b6 19. Rfe1 fxe5 20. Bxe5 Bxe5
21. Qxe5 Qxe5 22. Rxe5 Rxf4 23. Rxe7 Rf7 24. Rxf7 Kxf7 25. Ne4 Ne6 26. Rf1+ Kg7
27. Rd1 Rd8 28. Rxd8 Nxd8 1/2-1/2

[Event "XIII Festival Marco Gerolamo Vida A"]
[Site "Vescovato ITA"]
[Date "2014.04.27"]
[Round "6"]
[White "Panizzi, Giuseppe"]
[Black "Minerva, Enzo"]
[WhiteElo "2071"]
[BlackElo "2022"]
[Result "1/2-1/2"]
[PlyCount "120"]
[EventDate "2014.04.25"]

1. Nf3 c5 2. c4 Nf6 3. Nc3 Nc6 4. g3 g6 5. Bg2 Bg7 6. O-O O-O 7. d4 cxd4 8.
Nxd4 Nxd4 9. Qxd4 d6 10. Qd3 Rb8 11. Be3 b6 12. Bd2 Bb7 13. Bxb7 Rxb7 14. Rad1
Qd7 15. b3 Qh3 16. Qf3 Ng4 17. Qg2 Qxg2+ 18. Kxg2 Rd7 19. h3 Nf6 20. e4 Ne8 21.
f4 f5 22. exf5 Rxf5 23. Nd5 Nc7 24. g4 Rf7 25. Nxc7 Rxc7 26. Be3 Kf8 27. a4 Bc3
28. Rd3 Bb4 29. f5 gxf5 30. gxf5 Bc5 31. Bh6+ Ke8 32. Rg3 Bd4 33. Rd3 Bf6 34.
Rff3 Rc5 35. Rd5 Kd7 36. Be3 Rc8 37. Bf4 Rg8+ 38. Rg3 Rfg7 39. Rxg7 Rxg7+ 40.
Kh2 Bc3 41. Bg3 Bb4 42. Rd3 Bc5 43. h4 h5 44. Rf3 Bd4 45. Kh3 Bf6 46. Bf2 Kc6
47. Rg3 Rxg3+ 48. Kxg3 d5 49. cxd5+ Kxd5 50. Kf4 a6 51. Bxb6 Bxh4 52. b4 Kc6
53. Be3 Kd5 54. b5 axb5 55. axb5 Bf6 56. Kf3 e6 57. b6 Kc6 58. fxe6 Bd8 59. Bf2
Bxb6 60. Bxb6 Kd6 1/2-1/2

[Event "XIII Festival Marco Gerolamo Vida A"]
[Site "Vescovato ITA"]
[Date "2014.04.27"]
[Round "6"]
[White "Pinna, Ferdinando"]
[Black "Swannie, Bryan"]
[WhiteElo "1938"]
[BlackElo "1681"]
[Result "1-0"]
[PlyCount "39"]
[EventDate "2014.04.25"]

1. e4 c5 2. Nf3 d6 3. d4 cxd4 4. Nxd4 Nf6 5. Nc3 g6 6. Bc4 Bg7 7. Be3 a6 8. f3
Nbd7 9. Qd2 b5 10. Bb3 Nb6 11. O-O-O Bb7 12. Bh6 Bxh6 13. Qxh6 Rc8 14. Qg7 Rf8
15. e5 b4 16. exf6 bxc3 17. fxe7 cxb2+ 18. Kb1 Kxe7 19. Rhe1+ Kd7 20. Bxf7 1-0

[Event "XIII Festival Marco Gerolamo Vida A"]
[Site "Vescovato ITA"]
[Date "2014.04.27"]
[Round "6"]
[White "Swannie, Douglas"]
[Black "Masotti, Roberto"]
[WhiteElo "1880"]
[BlackElo "1893"]
[Result "1/2-1/2"]
[PlyCount "62"]
[EventDate "2014.04.25"]

1. d4 b6 2. Nf3 Bb7 3. g3 g6 4. Bg2 Bg7 5. O-O e6 6. c4 Ne7 7. Nc3 d6 8. Bf4 h6
9. e4 Nd7 10. Qe2 a6 11. a4 O-O 12. Rfd1 g5 13. Bc1 Ng6 14. Qc2 Qe7 15. h3 c5
16. Be3 Rac8 17. d5 e5 18. g4 Nf4 19. Ne2 h5 20. Ng3 hxg4 21. Nf5 Qf6 22. hxg4
Rce8 23. Nd2 Ne2+ 24. Kf1 Nd4 25. Bxd4 exd4 26. Nf3 Ne5 27. Nxe5 Qxe5 28. Qd3
Bc8 29. Rab1 Bxf5 30. exf5 Qf4 31. Qf3 Qxf3 1/2-1/2

[Event "XIII Festival Marco Gerolamo Vida A"]
[Site "Vescovato ITA"]
[Date "2014.04.27"]
[Round "6"]
[White "Volpati, Antonio"]
[Black "Borboni, Paolo"]
[WhiteElo "1630"]
[BlackElo "1724"]
[Result "0-1"]
[PlyCount "114"]
[EventDate "2014.04.25"]

1. e4 e5 2. Nf3 Nc6 3. Bb5 a6 4. Ba4 Nf6 5. O-O Be7 6. Re1 b5 7. Bb3 d6 8. c3
O-O 9. d4 Bg4 10. Be3 Nxe4 11. Bd5 exd4 12. Bxd4 Bxf3 13. Qxf3 Ng5 14. Qe3 Nxd4
15. cxd4 Bf6 16. Bxa8 Qxa8 17. Nd2 c5 18. dxc5 dxc5 19. Qxc5 Ne6 20. Qb4 Bd4
21. Rxe6 Bxf2+ 22. Kxf2 fxe6+ 23. Nf3 Qd5 24. b3 g5 25. h3 Rf4 26. Qc3 b4 27.
Qe3 e5 28. Kg3 h6 29. Re1 e4 30. Nd4 Qd6 31. Qd2 Rf3+ 32. Kg4 Qg3+ 33. Kh5 Rf6
34. Rxe4 Qc7 35. Ne6 Qf7+ 36. Kg4 Rxe6 37. Qd8+ Kh7 38. Qd3 h5+ 39. Kg3 Kh6 40.
Rxe6+ Qxe6 41. Qf3 Qe1+ 42. Kh2 Qe5+ 43. Qg3 Qf4 44. Qxf4 gxf4 45. g3 Kg5 46.
Kg2 Kf5 47. Kf3 fxg3 48. Kxg3 Kg5 49. h4+ Kf5 50. Kf3 a5 51. Ke3 Kg4 52. Ke4
Kxh4 53. Kf4 Kh3 54. Kf3 h4 55. Kf2 Kg4 56. Kg2 Kf4 57. Kh3 Ke4 0-1

[Event "XIII Festival Marco Gerolamo Vida B"]
[Site "Vescovato ITA"]
[Date "2014.04.25"]
[Round "1"]
[White "Barbisotti, Fabio"]
[Black "Bettini, Alessandro"]
[WhiteElo "1503"]
[BlackElo "1752"]
[Result "1/2-1/2"]
[PlyCount "69"]
[EventDate "2014.04.25"]

1. Nf3 Nf6 2. g3 g6 3. Bg2 Bg7 4. d3 d5 5. O-O O-O 6. c4 c6 7. Nc3 Re8 8. Qb3
e6 9. Rd1 Nbd7 10. d4 Qb6 11. Qxb6 axb6 12. b3 h6 13. Bf4 g5 14. Bc7 Ra6 15. e3
Kh7 16. Bf1 Ra7 17. Na4 dxc4 18. Bxb6 Rxa4 19. bxa4 Nxb6 20. a5 Nbd5 21. Bxc4
Nd7 22. Bxd5 exd5 23. Rab1 Bf8 24. Rdc1 c5 25. dxc5 Bxc5 26. Rb5 b6 27. axb6
Bxb6 28. Rc6 Ba7 29. Rxd5 Nb6 30. Rdd6 Be6 31. Rxb6 Bxb6 32. Rxb6 Bxa2 33. Nd4
Rc8 34. Rc6 Rb8 35. Rc1 1/2-1/2

[Event "XIII Festival Marco Gerolamo Vida B"]
[Site "Vescovato ITA"]
[Date "2014.04.25"]
[Round "1"]
[White "Bettini, Sofia"]
[Black "Raimondi, Celso"]
[WhiteElo "1302"]
[BlackElo "1667"]
[Result "0-1"]
[PlyCount "50"]
[EventDate "2014.04.25"]

1. d4 Nf6 2. Nf3 d5 3. g3 c6 4. Bg2 e6 5. O-O Be7 6. b3 O-O 7. Bb2 Nbd7 8. Ne5
Qc7 9. Nd2 c5 10. e3 cxd4 11. exd4 b5 12. Rc1 Bb7 13. Qe2 a5 14. Qxb5 Nxe5 15.
dxe5 Ba6 16. Qa4 Bxf1 17. exf6 Bxf6 18. Bxf6 gxf6 19. Bxf1 Qc3 20. Qg4+ Kh8 21.
Qe2 Rac8 22. Qd3 Qb2 23. Rb1 Qxc2 24. Qxc2 Rxc2 25. Rd1 Rxa2 0-1

[Event "XIII Festival Marco Gerolamo Vida B"]
[Site "Vescovato ITA"]
[Date "2014.04.25"]
[Round "1"]
[White "Borghi, Dario"]
[Black "Takahashi, Saera"]
[WhiteElo "1747"]
[BlackElo "1474"]
[Result "0-1"]
[PlyCount "126"]
[EventDate "2014.04.25"]

1. c4 e5 2. g3 Nf6 3. Bg2 Be7 4. Nc3 d6 5. Nf3 c6 6. e3 h6 7. d3 Be6 8. O-O O-O
9. Bd2 Qc7 10. Rc1 Nbd7 11. b4 a6 12. a4 d5 13. c5 b5 14. a5 Rfd8 15. d4 e4 16.
Ne1 Nf8 17. f3 Bf5 18. fxe4 Bxe4 19. Nxe4 dxe4 20. Qc2 Rd5 21. Bxe4 Nxe4 22.
Qxe4 Ne6 23. Nf3 Bf6 24. Bc3 Re8 25. Qc2 Ng5 26. Qe2 Ne4 27. Be1 Qd7 28. Nd2
Bg5 29. Rf3 Qg4 30. Nxe4 Qxe4 31. Bd2 Qg4 32. Qf2 Re7 33. Rf1 Qe6 34. h4 Bf6
35. Kh2 h5 36. Bc3 Red7 37. Re1 Qe4 38. Rf4 Qg6 39. e4 Bxd4 40. Bxd4 Rxd4 41.
e5 Rd2 42. Re2 Rxe2 43. Qxe2 Rd3 44. Rf3 Rxf3 45. Qxf3 Qc2+ 46. Kh3 Qg6 47. Kh2
Qc2+ 48. Kh3 Qg6 49. Qf4 Qe6+ 50. Kg2 Qd5+ 51. Kf2 Qa2+ 52. Kf3 Qd5+ 53. Qe4
Qb3+ 54. Kf4 Qe6 55. Qf5 Qc4+ 56. Qe4 Qe6 57. Qf5 Qc4+ 58. Kg5 Qxb4 59. Qc8+
Kh7 60. Qf5+ Kg8 61. Qc8+ Kh7 62. Kxh5 Qxc5 63. Qf5+ g6+ 0-1

[Event "XIII Festival Marco Gerolamo Vida B"]
[Site "Vescovato ITA"]
[Date "2014.04.25"]
[Round "1"]
[White "Brugaletta, Giorgio"]
[Black "Pagani, Fausto"]
[WhiteElo "1750"]
[BlackElo "1478"]
[Result "0-1"]
[PlyCount "62"]
[EventDate "2014.04.25"]

1. c4 c5 2. Nc3 Nc6 3. g3 g6 4. Bg2 Bg7 5. Nf3 d6 6. O-O e5 7. d3 Nge7 8. Bg5
h6 9. Bd2 O-O 10. Qc1 Kh7 11. e4 f5 12. Nh4 Nd4 13. Kh1 fxe4 14. Bxe4 Bh3 15.
Ng2 Qd7 16. f4 Bf5 17. Qd1 Bxe4 18. Nxe4 exf4 19. Bxf4 Nef5 20. g4 g5 21. Bd2
Ne7 22. h3 b6 23. Rb1 d5 24. cxd5 Nxd5 25. Rf2 Rxf2 26. Nxf2 Qc6 27. Ne4 Rf8
28. Bc3 Rf3 29. Bxd4 Rxh3+ 30. Kg1 Bxd4+ 31. Kf1 Rh1+ 0-1